000 00974 a2200253 4500
003 CBULib
005 20240117133313.0
008 240117b |||||||| |||| 00| 0 eng d
040 _bEnglish
_cCBULib
_erda
041 _aeng
050 _aCBU-PG THESIS/KAM
100 _aKamanga, Emmanuel Golden
_91724
245 _aImpact of collaborative learning on third year diploma student teachers’ comprehension and attitudes towards environmental education concepts in chemistry
_c/ by Golden Emmanuel Kamanga
260 _bCopperbelt University,
_c2021
_aKitwe :
300 _axiii, 84 pages : illustrations
336 _2rdacontent
_aText |
_btxt
337 _2rdamedia
_aUnmediated |
_bn
338 _2rdacarrier
_aVolume
_bnc
500 _aIncludes a bibliographical references and appendices
650 0 _91725
_aENVIRONMENTAL EDUCATION
650 0 _91726
_aATTITUDES TOWARDS ENVIROMNENT EDUCATION
650 0 _9126
_aCHEMISTRY, INORGANIC--TEXTBOOKS
942 _2lcc
_c030
999 _c84027
_d84027